000 00475nam a2200145Ia 4500
008 191206s9999 xx 000 0 und d
020 _a9786218035607
100 _aDe Guzman, Angeles
245 _cAngeles De Guzman
_aBusiness finance for senior high school/
260 _aManila:
_bLORIMAR Publishing
_c2019
300 _aviii, 135 p. ;
_c27 cm.
500 _aIncludes bibliographical references
650 _aBusiness enterprise -- finance
650 _aFinancial statement
999 _c362849
_d362849